Statystyki dla Państwa na literę ,,D"

Kliknij tutaj aby rozwiązać quiz!

Ogólne statystyki

  • Ten quiz został rozwiązany 69 razy
  • Średni wynik to 4 z 5

Statystyki odpowiedzi

Kraj% Poprawnych
Dania
100%
Dominika
78%
Dominikana
78%
Demokratyczna Republika Konga
69%
Dżibuti
58%

Rozkład punktacji

Percentyl według liczby udzielonych odpowiedzi

Procent ludzi z każdym wynikiem

Twoja historia wyników

Nie rozwiązałeś tego quizu